| 000 | 01405cam a2200397 i 4500 | ||
|---|---|---|---|
| 001 | 18801962 | ||
| 003 | SISC | ||
| 005 | 20161108082853.0 | ||
| 008 | 150928s2015 vaua b 001 0 eng d | ||
| 010 | _a 2015953307 | ||
| 020 | _a9781562869076 | ||
| 020 | _a1562869078 | ||
| 035 | _a(OCoLC)ocn919859817 | ||
| 040 |
_aYDXCP _beng _cYDXCP _erda _dBTCTA _dOCLCQ _dIG$ _dOCLCO _dOCLCF _dOCLCO _dDLC |
||
| 042 | _alccopycat | ||
| 050 | 0 | 0 |
_aHF 5549.5.T7 _b.P4367 2016 |
| 082 | 0 | 4 | _a658.3/12404 |
| 100 | 1 |
_aPhillips, Patricia Pulliam, _eauthor. |
|
| 245 | 1 | 0 |
_aReal world training evaluation : _bnavigating common constraints for exceptional results / _cPatricia Pulliam Phillips and Jack J. Phillips. |
| 260 |
_aUSA : _bATD Press, _c2016. |
||
| 300 |
_ax, 178 pages : _billustrations ; _c25 cm |
||
| 500 | _aIncludes bibliographical references and index. | ||
| 650 | 0 |
_aEmployees _xTraining of _xEvaluation. |
|
| 650 | 0 | _aHuman capital. | |
| 650 | 0 | _aRate of return. | |
| 650 | 0 | _aProject management. | |
| 650 | 7 |
_aEmployees _xTraining of _xEvaluation. _2fast |
|
| 650 | 7 |
_aHuman capital. _2fast |
|
| 650 | 7 |
_aProject management. _2fast |
|
| 650 | 7 |
_aRate of return. _2fast |
|
| 700 | 1 |
_aPhillips, Jack J., _d1945- _eauthor. |
|
| 906 |
_a7 _bcbc _ccopycat _d2 _encip _f20 _gy-gencatlg |
||
| 942 |
_2lcc _cBK |
||
| 999 |
_c305181 _d305181 |
||